000 01022nam a2200277Ia 4500
003 OSt
005 20221005103653.0
006 a|||||r|||| 00| 0
007 ta
008 221004b |||||||| |||| 00| 0 hin d
020 _a9788179759165 (hbk)
_cINR 450.00
024 _a43541
037 _b273, 09/02/2019, Eastern Book Linkers
_cTextual
040 _aCRL
_cCRL
_bhin
041 _2hin
_ahin
082 _aO152,6:g, Q8
100 _aयादव, चौथीराम, ले.
245 0 _aलोक और वेद आमने - सामने
246 _aLok aur ved āmane - sāmane
260 _aदिल्ली
_bअनामिका पब्लिशर्स भारत
_c2018
300 _a180पृ0
_ccm.
650 _a हिन्दी साहित्य
650 _aहिन्दी निबंध
942 _hO152,6:g, Q8
_cTEXL
_2cc
999 _c1010570
_d1010570